[Event "Cuenca Crespi Memorial"]
[Site "Cuenca"]
[Date "2024.04.24"]
[Round "2"]
[White "Sanchez Anazco, David Emanuel"]
[Black "Reinoso Salas, Daniel Alejandro"]
[Result "0-1"]
[WhiteElo "1704"]
[BlackElo "2055"]
[PlyCount "46"]
[EventDate "2024.04.24"]
[EventType "swiss"]
[EventRounds "9"]
[EventCountry "ECU"]
[SourceTitle "EXT 2025"]
[Source "ChessBase"]
[SourceDate "2024.10.14"]
[SourceVersion "1"]
[SourceVersionDate "2024.10.14"]
[SourceQuality "1"]

1. Nf3 c5 2. c4 Nf6 3. Nc3 d5 4. cxd5 Nxd5 5. Nxd5 Qxd5 6. g3 Nc6 7. Bg2 Bg4 8. 0-0 Qd7 9. Qc2 e5 10. a3 f6 11. d3 Rc8 12. e3 Be7 13. b3 0-0 14. Bb2 Rfd8 15. Ne1 Be6 16. Bc3 Nd4 17. Qb2 Nxb3 18. Rd1 c4 19. f4 exf4 20. Bf3 Qa4 21. exf4 cxd3 22. Kh1 Bxa3 23. Qg2 Rxc3 0-1